Loading...
| Science - Physics | 0 | 6 | 0 | 2 | 60 | 99 | 126.50 | 0 | 0 | 0.00 | 0.00 |
| History - Other | 0 | 5 | 2 | 2 | 40 | 107 | 121.20 | 0 | 0 | 0.00 | 0.00 |
| History - European | 0 | 4 | 0 | 2 | 40 | 110 | 125.50 | 0 | 0 | 0.00 | 0.00 |
| Science - Biology | 0 | 5 | 3 | 2 | 35 | 89 | 121.40 | 0 | 1 | 0.00 | 0.00 |
| Social Science | 0 | 4 | 1 | 2 | 35 | 87 | 116.00 | 0 | 0 | 0.00 | 0.00 |
| Science - Other | 0 | 3 | 0 | 1 | 30 | 115 | 122.67 | 0 | 0 | 0.00 | 0.00 |
| History - World | 0 | 3 | 0 | 1 | 30 | 128 | 139.00 | 0 | 0 | 0.00 | 0.00 |
| Science - Chemistry | 0 | 3 | 0 | 0 | 30 | 113 | 122.67 | 0 | 0 | 0.00 | 0.00 |
| History - American | 0 | 3 | 1 | 1 | 25 | 121 | 127.67 | 0 | 0 | 0.00 | 0.00 |
| Literature - World | 0 | 2 | 0 | 0 | 20 | 120 | 130.50 | 0 | 0 | 0.00 | 0.00 |
| Geography | 0 | 2 | 0 | 2 | 20 | 127 | 138.50 | 0 | 0 | 0.00 | 0.00 |
| Philosophy | 0 | 2 | 0 | 0 | 20 | 134 | 139.00 | 0 | 0 | 0.00 | 0.00 |
| Religion | 0 | 2 | 0 | 0 | 20 | 120 | 122.50 | 0 | 0 | 0.00 | 0.00 |
| Other Academic | 0 | 1 | 0 | 0 | 10 | 78 | 78.00 | 1 | 1 | 0.00 | 0.00 |
| Current Events | 0 | 1 | 0 | 0 | 10 | 131 | 131.00 | 0 | 0 | 0.00 | 0.00 |
| Literature - American | 0 | 1 | 0 | 1 | 10 | 153 | 153.00 | 0 | 0 | 0.00 | 0.00 |
| Literature - British | 0 | 1 | 0 | 0 | 10 | 147 | 147.00 | 0 | 0 | 0.00 | 0.00 |
| Mythology | 0 | 1 | 0 | 0 | 10 | 115 | 115.00 | 0 | 0 | 0.00 | 0.00 |
| Fine Arts - Painting & Sculpture | 0 | 1 | 1 | 0 | 5 | 135 | 135.00 | 0 | 0 | 0.00 | 0.00 |
| Literature - European | 0 | 0 | 0 | 0 | 0 | 0.00 | 0 | 0 | 0.00 | 0.00 |